00433nam a2200157Ia 450000500170000000800410001704000190005804100120007708200130008910000210010224500700012326000360019330000240022965000120025385000100026520240604095935.0131103s9999 xx 000 0 und d aLoreto College aEnglish a530bGUE aGuerrier, Dennis aDiscovering with Galileob and the solar system cDennis Guerrier a[s.l]bBlond educationalc[19?] a74p.b ill,picture. aPhysics aLCBED